Některé rysy strukturálního vývoje průmyslu

Saved in:
Bibliographic Details
Format: Book
Language:Czech
Published: Praha Ústřední ústav národohospodářského výzkumu 1990
Tags: Add Tag
No Tags, Be the first to tag this record!

MARC

LEADER 00000nam a2200000 4500
001 c022012
005 20250526100215.0
041 0 |a cze 
044 |a CZ 
245 1 0 |a Některé rysy strukturálního vývoje průmyslu 
264 1 |a Praha  |b Ústřední ústav národohospodářského výzkumu  |c 1990 
300 |a 77 s.